000
00302nam a22001217a 4500
008
230606b xxu||||| |||| 00| 0 eng d
082
_a
340.690
_b
CUP
245
_a
Journal of African Law
260
_a
London
_b
Cambridge University Press
300
_a
I,235p
440
_n
2
_v
45
_x
02218553
942
_2
ddc
_c
BK
999
_c
549
_d
549